00743nam a2200205Ia 4500003000900000008004100009020001800050040001600068080001700084100002700101245011300128260003400241300001500275650002500290650004600315700002700361942000700388999001700395952012500412IN-BaIIA211028s9999 xx 000 0 eng d a0-12-511905-4 cIIA Library a519.682bMUR aMurray, W. H. 922465 0aVisual basic 5 training guidecW. H. Murray and C. H. Pappas  aBostonbAP Professionalc1997 axiv, 525p. aComputer programming aVisual Basic, Programming language922466 aPappas, C. H. 922467 cBK c12812d12812 00104070aBANbBANcGENd1998-12-18g2162.85l0o519.682/ MURp13729r2021-11-05v2162.85w1998-12-18yBKGRs. 2162.85